[Event "Titled Tuesday intern op 16th Apr Early"]
[Site "Chess.com INT"]
[Date "2024.04.16"]
[Round "4"]
[White "Bueno, Alfeu Varela Jr"]
[Black "Viana, Valeria"]
[Result "0-1"]
[WhiteElo "2140"]
[BlackElo "1892"]
[PlyCount "40"]
[EventDate "2024.04.16"]
[EventType "swiss (blitz)"]
[EventRounds "11"]
[EventCountry "USA"]
[SourceTitle "CB17_2024"]
[SourceDate "2024.04.24"]
[SourceVersion "1"]
[SourceVersionDate "2024.04.24"]
[SourceQuality "1"]

1. e4 c6 2. Nc3 d5 3. exd5 cxd5 4. d4 Nc6 5. Nf3 Nf6 6. Bb5 a6 7. Bxc6+ bxc6 8. 0-0 Bg4 9. Qd3 e6 10. Ne5 Bf5 11. Qe2 c5 12. dxc5 Bxc5 13. Bg5 h6 14. Bh4 Be7 15. Nc6 Qc7 16. Nxe7 Qxe7 17. Rfe1 d4 18. Nd5 Qd8 19. Qf3 Qxd5 20. Bxf6 Qxf3 0-1

[Event "Titled Tuesday intern op 06th Feb Late"]
[Site "Chess.com INT"]
[Date "2024.02.06"]
[Round "1"]
[White "Aggelis, Nikolaos"]
[Black "Viana, Valeria"]
[Result "1-0"]
[WhiteElo "2285"]
[BlackElo "1792"]
[PlyCount "119"]
[EventDate "2024.02.06"]
[EventType "swiss (blitz)"]
[EventRounds "11"]
[EventCountry "USA"]
[SourceTitle "CB07_2024"]
[SourceDate "2024.02.14"]
[SourceVersion "1"]
[SourceVersionDate "2024.02.14"]
[SourceQuality "1"]

1. e4 c6 2. d4 d5 3. exd5 cxd5 4. Bd3 Nf6 5. c3 Bg4 6. Qb3 Qc8 7. Bg5 e6 8. Nd2 Be7 9. Ngf3 Nc6 10. 0-0 0-0 11. Ne5 Bh5 12. Rae1 Re8 13. f4 a6 14. f5 Nxe5 15. dxe5 Bc5+ 16. Kh1 Ng4 17. Bh4 exf5 18. Bxf5 Qc6 19. Bxg4 Bxg4 20. Nf3 Bxf3 21. Rxf3 Qh6 22. Bg3 Rad8 23. Qxb7 Qd2 24. Qxf7+ Kh8 25. Ref1 h6 26. e6 Rf8 27. Qg6 Rxf3 28. gxf3 Qe2 29. Qb1 Rf8 30. Qd1 Qxb2 31. Qxd5 Qe2 32. Qd1 Qxa2 33. Be5 Qxe6 34. f4 Qc6+ 35. Qf3 Qg6 36. Qb7 Rf7 37. Qa8+ Kh7 38. Qf3 Rf5 39. Qe4 Qh5 40. Re1 Kg8 41. Qd5+ Kh7 42. Qd3 Kg8 43. Rb1 Qf7 44. Rb8+ Kh7 45. Qd8 Bf8 46. Rc8 Qb7+ 47. Kg1 Qf7 48. Qd3 Qg6+ 49. Kf1 Rxf4+ 50. Bxf4 Qxd3+ 51. Kg2 Qe2+ 52. Kg3 Qe4 53. Rc7 Qg6+ 54. Kf3 Qd3+ 55. Kg4 Bc5 56. Rxc5 Qe2+ 57. Kh3 Qe6+ 58. Kg3 g5 59. Be3 Qd6+ 60. Kf2 1-0

[Event "Titled Tuesday intern op 06th Feb Late"]
[Site "Chess.com INT"]
[Date "2024.02.06"]
[Round "2"]
[White "Novak, Ratko"]
[Black "Viana, Valeria"]
[Result "0-1"]
[WhiteElo "2037"]
[BlackElo "1792"]
[PlyCount "90"]
[EventDate "2024.02.06"]
[EventType "swiss (blitz)"]
[EventRounds "11"]
[EventCountry "USA"]
[SourceTitle "CB07_2024"]
[SourceDate "2024.02.14"]
[SourceVersion "1"]
[SourceVersionDate "2024.02.14"]
[SourceQuality "1"]

1. d4 Nf6 2. c4 e6 3. a3 d5 4. Nc3 Nc6 5. f3 dxc4 6. e3 Be7 7. Bxc4 0-0 8. Nge2 Nd5 9. e4 Nxc3 10. bxc3 a6 11. Qd3 b5 12. Ba2 Bb7 13. Be3 Ne5 14. Qc2 Ng6 15. 0-0 Rc8 16. a4 c5 17. axb5 cxd4 18. Nxd4 Bc5 19. Qb3 e5 20. Nf5 Bxe3+ 21. Nxe3 Qb6 22. Rfe1 axb5 23. Kh1 Qc5 24. Rac1 Nf4 25. Bb1 Rfd8 26. c4 b4 27. g3 Ne6 28. Qb2 Nd4 29. Kg2 Qc6 30. Nd5 Re8 31. Qxb4 Qf6 32. Qc3 Bxd5 33. exd5 Qg5 34. Be4 Qh5 35. Qe3 Ra8 36. Rf1 Ra2+ 37. Rf2 Rxf2+ 38. Qxf2 Ra8 39. c5 Ra3 40. c6 Qg5 41. c7 Qxc1 42. h4 Qxc7 43. g4 Qa5 44. Kg3 Ra2 45. Qe1 Qxe1+ 0-1

[Event "Titled Tuesday intern op 06th Feb Late"]
[Site "Chess.com INT"]
[Date "2024.02.06"]
[Round "4"]
[White "Uzunoglu, Efe Kerem"]
[Black "Viana, Valeria"]
[Result "1-0"]
[WhiteElo "2049"]
[BlackElo "1792"]
[PlyCount "67"]
[EventDate "2024.02.06"]
[EventType "swiss (blitz)"]
[EventRounds "11"]
[EventCountry "USA"]
[SourceTitle "CB07_2024"]
[SourceDate "2024.02.14"]
[SourceVersion "1"]
[SourceVersionDate "2024.02.14"]
[SourceQuality "1"]

1. e4 c6 2. Nf3 d5 3. exd5 cxd5 4. Ne5 Nc6 5. d4 Nf6 6. Bb5 Qa5+ 7. Nc3 Qb6 8. Bg5 Be6 9. 0-0 a6 10. Ba4 h6 11. Bh4 0-0-0 12. Bxc6 bxc6 13. Na4 Qb5 14. Nc5 g5 15. Bg3 Ne4 16. a4 Qb6 17. Nxe6 fxe6 18. Nf7 Nxg3 19. hxg3 Bg7 20. Nxh8 Rxh8 21. Qe2 Kd7 22. c3 Rf8 23. b4 a5 24. b5 c5 25. c4 Bxd4 26. Rad1 dxc4 27. Qxc4 Qd6 28. Rd3 h5 29. b6 h4 30. Qb5+ Kd8 31. b7 Kc7 32. Qxa5+ Kxb7 33. Rb3+ Kc6 34. Rb6+ 1-0

[Event "Titled Tuesday intern op 06th Feb Late"]
[Site "Chess.com INT"]
[Date "2024.02.06"]
[Round "3"]
[White "Viana, Valeria"]
[Black "Miszler, Levente"]
[Result "0-1"]
[WhiteElo "1792"]
[BlackElo "2269"]
[PlyCount "110"]
[EventDate "2024.02.06"]
[EventType "swiss (blitz)"]
[EventRounds "11"]
[EventCountry "USA"]
[SourceTitle "CB07_2024"]
[SourceDate "2024.02.14"]
[SourceVersion "1"]
[SourceVersionDate "2024.02.14"]
[SourceQuality "1"]

1. e4 Nc6 2. d4 e5 3. d5 Nce7 4. Nf3 Ng6 5. Bc4 Bc5 6. 0-0 Nf6 7. Nc3 a5 8. a3 d6 9. h3 0-0 10. Bg5 h6 11. Bd2 Nh7 12. Be3 Bxe3 13. fxe3 Ng5 14. Qe1 f5 15. exf5 Bxf5 16. e4 Bxh3 17. Qg3 Nxf3+ 18. Rxf3 Rxf3 19. Qxf3 Bd7 20. Rf1 Qe7 21. Qg3 Nf4 22. Ne2 Nxe2+ 23. Bxe2 Rf8 24. Rxf8+ Qxf8 25. Qc3 Qf4 26. Bf3 c6 27. Qxa5 Bg4 28. Qd8+ Kh7 29. Qxd6 Bxf3 30. gxf3 Qg3+ 31. Kf1 Qxf3+ 32. Kg1 Qd1+ 33. Kf2 Qxc2+ 34. Ke3 Qb3+ 35. Kf2 Qxb2+ 36. Kf3 cxd5 37. exd5 Qd4 38. Qe6 Qf4+ 39. Ke2 Qe4+ 40. Kd2 Qd4+ 41. Ke2 Qb2+ 42. Kf3 Qxa3+ 43. Kg4 Qb4+ 44. Kg3 Qc3+ 45. Kf2 Qd4+ 46. Kf3 Qf4+ 47. Ke2 e4 48. d6 Qf3+ 49. Kd2 Qf2+ 50. Kc3 Qc5+ 51. Kd2 Qd4+ 52. Ke2 Qd3+ 53. Kf2 Qf3+ 54. Ke1 e3 55. Qa2 Qh1+ 0-1

[Event "Titled Tuesday intern op 23rd Jan Late"]
[Site "Chess.com INT"]
[Date "2024.01.23"]
[Round "1"]
[White "Rogov, Matfey"]
[Black "Viana, Valeria"]
[Result "1-0"]
[WhiteElo "2200"]
[BlackElo "1792"]
[PlyCount "51"]
[EventDate "2024.01.23"]
[EventType "swiss (blitz)"]
[EventRounds "11"]
[EventCountry "USA"]
[SourceTitle "CB05_2024"]
[SourceDate "2024.01.31"]
[SourceVersion "1"]
[SourceVersionDate "2024.01.31"]
[SourceQuality "1"]

1. e4 c6 2. d4 d5 3. f3 e6 4. Nc3 Bb4 5. a3 Ba5 6. Bd3 Nd7 7. Nh3 Ngf6 8. e5 Ng8 9. 0-0 Bxc3 10. bxc3 b6 11. f4 Ne7 12. f5 exf5 13. Bg5 f6 14. exf6 Nxf6 15. Bxf6 gxf6 16. Qh5+ Kd7 17. Bxf5+ Nxf5 18. Rxf5 Kc7 19. Qf7+ Kb8 20. Rxf6 Rg8 21. Nf4 a5 22. Ne6 Bxe6 23. Qxe6 Ra7 24. Qxc6 Rxg2+ 25. Kxg2 Rg7+ 26. Kh1 1-0

[Event "Titled Tuesday intern op 23rd Jan Late"]
[Site "Chess.com INT"]
[Date "2024.01.23"]
[Round "9"]
[White "Souza, Gustavo Horokoski"]
[Black "Viana, Valeria"]
[Result "1-0"]
[WhiteElo "1898"]
[BlackElo "1792"]
[PlyCount "153"]
[EventDate "2024.01.23"]
[EventType "swiss (blitz)"]
[EventRounds "11"]
[EventCountry "USA"]
[SourceTitle "CB05_2024"]
[SourceDate "2024.01.31"]
[SourceVersion "1"]
[SourceVersionDate "2024.01.31"]
[SourceQuality "1"]

1. c4 c6 2. e4 d5 3. exd5 cxd5 4. d4 Nf6 5. Nc3 Nc6 6. Nf3 Bg4 7. cxd5 Nxd5 8. Be2 Nxc3 9. bxc3 e6 10. 0-0 Bd6 11. h3 Bh5 12. a4 0-0 13. Ba3 Bxa3 14. Rxa3 a5 15. Ne5 Nxe5 16. Bxh5 Nc4 17. Rb3 Qc7 18. Be2 Nd6 19. Bd3 Rfc8 20. Qh5 g6 21. Qf3 Qc6 22. Qg3 Nf5 23. Bxf5 exf5 24. Rfb1 Qxa4 25. Rxb7 Qc6 26. Qe5 Re8 27. Qc7 Qxc7 28. Rxc7 Rec8 29. Rbb7 Rxc7 30. Rxc7 a4 31. Rb7 a3 32. Rb1 Rc8 33. Rb3 a2 34. Ra3 Kf8 35. Rxa2 Rxc3 36. Rd2 Ke7 37. g3 Kd6 38. Kg2 Kd5 39. Re2 Kxd4 40. Re7 Rc6 41. Rxf7 h5 42. Kf3 Ke5 43. Rf8 Rc3+ 44. Kg2 Rc6 45. Ra8 Kf6 46. Ra5 Ke6 47. Kf3 Kf6 48. Ra3 g5 49. Ra5 Ke6 50. Rb5 Kf6 51. Ra5 Kg6 52. h4 Rc3+ 53. Kg2 Rc6 54. Rd5 g4 55. Ra5 Kf6 56. Ra2 Kg6 57. f3 Kh6 58. Re2 Kg6 59. Kf2 Kf6 60. Rb2 Kg6 61. Ra2 Kf6 62. fxg4 fxg4 63. Ra5 Kg6 64. Rg5+ Kh6 65. Ke3 Rf6 66. Ke2 Rf3 67. Ra5 Rf6 68. Ra3 Kg6 69. Ke1 Kh6 70. Re3 Kg6 71. Ke2 Kh6 72. Rd3 Kg6 73. Rd5 Rf3 74. Rd3 Rf6 75. Re3 Kh6 76. Kd3 Kg6 77. Ke4 1-0

[Event "Titled Tuesday intern op 23rd Jan Late"]
[Site "Chess.com INT"]
[Date "2024.01.23"]
[Round "4"]
[White "Viana, Valeria"]
[Black "Gonzalez Zharikov, Andrey"]
[Result "0-1"]
[WhiteElo "1792"]
[BlackElo "1985"]
[PlyCount "64"]
[EventDate "2024.01.23"]
[EventType "swiss (blitz)"]
[EventRounds "11"]
[EventCountry "USA"]
[SourceTitle "CB05_2024"]
[SourceDate "2024.01.31"]
[SourceVersion "1"]
[SourceVersionDate "2024.01.31"]
[SourceQuality "1"]

1. e4 d5 2. exd5 Qxd5 3. Nc3 Qa5 4. d4 Nf6 5. Nf3 c6 6. Bd2 Bg4 7. h3 Bh5 8. g4 Bg6 9. Bc4 Nbd7 10. g5 Nh5 11. Nh4 Qc7 12. Nxg6 hxg6 13. Qf3 e6 14. 0-0-0 Bd6 15. Rhe1 Nb6 16. Bb3 0-0-0 17. Ne4 Bf4 18. Kb1 Bxd2 19. Rxd2 Qf4 20. Re3 Rhf8 21. a3 Nd5 22. Red3 Qc7 23. Nc5 Nhf4 24. Bxd5 Nxd3 25. Qxd3 Rxd5 26. Qf3 Rfd8 27. Nb3 Kb8 28. h4 e5 29. c4 R5d7 30. Nc5 Rxd4 31. Re2 Rxc4 32. Ne4 Rcd4 0-1

[Event "Titled Tuesday intern op 16th Jan Early"]
[Site "Chess.com INT"]
[Date "2024.01.16"]
[Round "3"]
[White "Hercegovac, Neven"]
[Black "Viana, Valeria"]
[Result "1-0"]
[WhiteElo "2301"]
[BlackElo "1792"]
[PlyCount "73"]
[EventDate "2024.01.16"]
[EventType "swiss (blitz)"]
[EventRounds "11"]
[EventCountry "USA"]
[SourceTitle "CB04_2024"]
[SourceDate "2023.10.16"]
[SourceVersion "1"]
[SourceVersionDate "2023.10.16"]
[SourceQuality "1"]

1. d4 Nf6 2. Nc3 d5 3. Bf4 a6 4. e3 e6 5. g4 h6 6. h4 c5 7. Qf3 cxd4 8. exd4 h5 9. g5 Nfd7 10. 0-0-0 Bb4 11. Nge2 Nc6 12. Bh3 Nb6 13. Rhe1 Bd6 14. Bxd6 Qxd6 15. Nf4 Bd7 16. Ncxd5 Nxd5 17. Nxd5 0-0-0 18. Nb6+ Kb8 19. Qxf7 Rhf8 20. Nxd7+ Rxd7 21. Qxe6 Qf4+ 22. Kb1 Rxd4 23. Rxd4 Qxd4 24. Qe3 Qxh4 25. b3 Qb4 26. Bd7 Qd6 27. Bxc6 Qxc6 28. f4 Rc8 29. Re2 Qh1+ 30. Kb2 Qc6 31. Qe5+ Ka8 32. Qxg7 h4 33. Qh6 Qc3+ 34. Kb1 h3 35. Qf6 Qf3 36. Qe6 Qf1+ 37. Kb2 1-0

[Event "Titled Tuesday intern op 16th Jan Early"]
[Site "Chess.com INT"]
[Date "2024.01.16"]
[Round "9"]
[White "Sava, Ana Maria"]
[Black "Viana, Valeria"]
[Result "1-0"]
[WhiteElo "1916"]
[BlackElo "1792"]
[PlyCount "103"]
[EventDate "2024.01.16"]
[EventType "swiss (blitz)"]
[EventRounds "11"]
[EventCountry "USA"]
[SourceTitle "CB04_2024"]
[SourceDate "2023.10.16"]
[SourceVersion "1"]
[SourceVersionDate "2023.10.16"]
[SourceQuality "1"]

1. e4 c6 2. d4 d5 3. exd5 cxd5 4. Bd3 Nf6 5. c3 Bg4 6. Nf3 Nc6 7. h3 Bh5 8. Bf4 e6 9. Nbd2 Be7 10. Qb3 Qc8 11. Ne5 Bg6 12. Bxg6 hxg6 13. 0-0 0-0 14. Rae1 Nd7 15. Ndf3 a6 16. a4 Ndxe5 17. Nxe5 Bf6 18. Ng4 Be7 19. Qc2 Na5 20. Qd3 Nc4 21. b3 Nd6 22. Bxd6 Bxd6 23. Ne5 Bxe5 24. Rxe5 Qc6 25. Rc1 Rac8 26. Qg3 f6 27. Re3 Kf7 28. Qg4 Rfe8 29. Rg3 g5 30. h4 g6 31. hxg5 f5 32. Qf4 Qc7 33. Qxc7+ Rxc7 34. Rh3 Kg7 35. Re1 Rc6 36. f4 Rec8 37. Ree3 b5 38. axb5 axb5 39. b4 Ra8 40. Rh6 Ra1+ 41. Kh2 Rc1 42. Reh3 R6xc3 43. Rh7+ Kf8 44. Rh8+ Ke7 45. R3h7+ Kd6 46. Rd8+ Kc6 47. Re8 Kd6 48. Rd8+ Kc6 49. Re7 Kb6 50. Rb8+ Kc6 51. Rxe6+ Kd7 52. Rxg6 1-0

[Event "Titled Tuesday intern op 16th Jan Early"]
[Site "Chess.com INT"]
[Date "2024.01.16"]
[Round "8"]
[White "Viana, Valeria"]
[Black "Biriukov, Ilja"]
[Result "0-1"]
[WhiteElo "1792"]
[BlackElo "2311"]
[PlyCount "48"]
[EventDate "2024.01.16"]
[EventType "swiss (blitz)"]
[EventRounds "11"]
[EventCountry "USA"]
[SourceTitle "CB04_2024"]
[SourceDate "2023.10.16"]
[SourceVersion "1"]
[SourceVersionDate "2023.10.16"]
[SourceQuality "1"]

1. e4 e6 2. d4 d5 3. exd5 exd5 4. Bd3 Bd6 5. Ne2 Ne7 6. c3 Nbc6 7. 0-0 f6 8. Nd2 Bf5 9. Qc2 Qd7 10. Ng3 Bg6 11. Nf3 0-0-0 12. b4 Bxd3 13. Qxd3 h5 14. h4 g5 15. b5 Na5 16. a4 Bf4 17. Ba3 Nc4 18. Bb4 Rdg8 19. Rfe1 Ng6 20. Nf5 g4 21. Ne7+ Nxe7 22. Rxe7 gxf3 23. g3 Qh3 24. Qxf3 Bxg3 0-1

[Event "Titled Tuesday intern op 19th Dec Early"]
[Site "Chess.com INT"]
[Date "2023.12.19"]
[Round "4"]
[White "Figorito, Nick"]
[Black "Viana, Valeria"]
[Result "1/2-1/2"]
[WhiteElo "2036"]
[BlackElo "1834"]
[PlyCount "128"]
[EventDate "2023.12.19"]
[EventType "swiss (blitz)"]
[EventRounds "11"]
[EventCountry "USA"]
[SourceTitle "CB52_2023"]
[SourceDate "2023.12.27"]
[SourceVersion "1"]
[SourceVersionDate "2023.12.27"]
[SourceQuality "1"]

1. Nf3 d5 2. g3 g6 3. Bg2 Bg7 4. d4 Nf6 5. 0-0 0-0 6. c4 c6 7. cxd5 cxd5 8. Nc3 Nc6 9. Bf4 a6 10. Ne5 Nd7 11. Nxd5 Ndxe5 12. dxe5 Bxe5 13. Bg5 Bxb2 14. Rb1 Bf6 15. Bh6 Re8 16. Nxf6+ exf6 17. e3 Qc7 18. Qc2 Bf5 19. Rxb7 Qxb7 20. Qxc6 Qxc6 21. Bxc6 Rac8 22. Bxe8 Rxe8 23. Bf4 Rc8 24. Kg2 Rc2 25. Ra1 Be6 26. a3 Bd5+ 27. Kf1 Bc4+ 28. Kg1 Ra2 29. Rxa2 Bxa2 30. Kf1 Kf8 31. Ke2 Ke7 32. Kd3 Ke6 33. Kd4 Bd5 34. e4 Bc6 35. h4 h5 36. Bc7 Bb5 37. Bd8 f5 38. e5 Bf1 39. Bf6 Bb5 40. Kc5 Be2 41. Kb6 Kd5 42. Kc7 Ke6 43. Kd8 Bb5 44. Kc7 Be2 45. Kb6 Kd7 46. Kc5 Ke6 47. Kd4 Bb5 48. Ke3 Kd5 49. Kf4 Be2 50. Bd8 Bb5 51. Bc7 Ke6 52. Kg5 Be2 53. Bd6 Bc4 54. Kf4 Bb5 55. f3 Be2 56. Ke3 Bb5 57. Kf4 Be2 58. Ke3 Bb5 59. f4 Kd5 60. Bb4 Kc4 61. Bd6 Kb3 62. Bb4 Kc4 63. Bd6 Kb3 64. Bb4 Kc4 1/2-1/2

[Event "Titled Tuesday intern op 19th Dec Early"]
[Site "Chess.com INT"]
[Date "2023.12.19"]
[Round "9"]
[White "Viana, Valeria"]
[Black "Fernandez Hernandez, Gerardo"]
[Result "0-1"]
[WhiteElo "1834"]
[BlackElo "2181"]
[PlyCount "58"]
[EventDate "2023.12.19"]
[EventType "swiss (blitz)"]
[EventRounds "11"]
[EventCountry "USA"]
[SourceTitle "CB52_2023"]
[SourceDate "2023.12.27"]
[SourceVersion "1"]
[SourceVersionDate "2023.12.27"]
[SourceQuality "1"]

1. e4 e6 2. d4 d5 3. exd5 exd5 4. Bd3 Nc6 5. c3 Bd6 6. Ne2 Qf6 7. 0-0 Nge7 8. Nd2 Bg4 9. h3 Bh5 10. Nb3 g5 11. Ng3 Bxd1 12. Rxd1 Bxg3 13. fxg3 b6 14. Rf1 Qg7 15. Bd2 0-0 16. Rae1 f5 17. Re6 f4 18. gxf4 gxf4 19. Bxf4 Nd8 20. Ree1 Ng6 21. Bxg6 Qxg6 22. Bxc7 Rxf1+ 23. Rxf1 Ne6 24. Be5 Rf8 25. Re1 Nf4 26. Bxf4 Rxf4 27. Nd2 Qg3 28. Re8+ Kf7 29. Re5 Rf2 0-1

[Event "Wch U20 Girls 39th"]
[Site "Mexico City"]
[Date "2023.09.24"]
[Round "5"]
[White "Viana, Valeria"]
[Black "Tomasi, Elise"]
[Result "0-1"]
[WhiteElo "1620"]
[BlackElo "2021"]
[PlyCount "46"]
[EventDate "2023.09.21"]
[EventType "swiss"]
[EventRounds "11"]
[EventCountry "MEX"]
[SourceTitle "EXT 2024"]
[Source "ChessBase"]
[SourceDate "2023.10.10"]
[SourceVersion "1"]
[SourceVersionDate "2023.10.10"]
[SourceQuality "1"]

1. e4 e5 2. Nf3 Nc6 3. Bb5 a6 4. Ba4 Nf6 5. 0-0 b5 6. Bb3 Be7 7. Re1 0-0 8. c3 d6 9. d4 h6 10. a4 Bb7 11. Nbd2 Re8 12. Bc2 Bf8 13. d5 Ne7 14. c4 b4 15. Nf1 c6 16. Ng3 cxd5 17. cxd5 g6 18. Nh4 Bg7 19. f4 exf4 20. Ne2 Qb6+ 21. Kh1 Ng4 22. a5 Nf2+ 23. Kg1 Nh3+ 0-1

[Event "Caribean-chT Blitz 24th"]
[Site "San Salvador"]
[Date "2023.07.06"]
[Round "11.1"]
[White "Brown, Raehanna"]
[Black "Viana, Valeria"]
[Result "1-0"]
[WhiteElo "1655"]
[BlackElo "1620"]
[PlyCount "106"]
[EventDate "2023.07.06"]
[EventType "tourn (blitz)"]
[EventRounds "15"]
[EventCountry "ESA"]
[SourceTitle "CBM 215 Extra"]
[Source "ChessBase"]
[SourceDate "2023.09.30"]
[SourceVersion "1"]
[SourceVersionDate "2023.09.30"]
[SourceQuality "1"]
[WhiteTeam "Jamaica"]
[BlackTeam "Honduras"]
[WhiteTeamCountry "JAM"]
[BlackTeamCountry "HON"]

1. c4 b6 2. b3 Bb7 3. Bb2 d5 4. e3 dxc4 5. bxc4 Nf6 6. Nf3 Nbd7 7. d4 e6 8. Bd3 Bb4+ 9. Nbd2 0-0 10. 0-0 c5 11. Nb3 cxd4 12. Nfxd4 Nc5 13. Nxc5 Bxc5 14. Nb3 Bd6 15. Bxf6 Qxf6 16. Bxh7+ Kxh7 17. Qxd6 Rfd8 18. Qc7 Be4 19. Rad1 Rxd1 20. Rxd1 Rh8 21. h3 Qg6 22. Qg3 Qxg3 23. fxg3 Kg6 24. Rd7 a5 25. Rd6 Rb8 26. Kf2 Bb1 27. a3 Ba2 28. Nd2 Kf6 29. Rd7 Kg6 30. a4 f5 31. Rd6 Kf6 32. Rd3 Rc8 33. Rc3 Rc5 34. Rc2 Bxc4 35. Rxc4 Ke5 36. Rxc5+ bxc5 37. Nc4+ Kd5 38. Nxa5 c4 39. Ke2 Kc5 40. Nb7+ Kb4 41. a5 c3 42. Kd1 Kb3 43. a6 Kb2 44. a7 c2+ 45. Ke2 c1Q 46. a8Q Qc4+ 47. Kf2 Qc2+ 48. Kg1 Qc1+ 49. Kh2 Qxe3 50. Nd6 Kb3 51. Qb7+ Kc2 52. Qc6+ Kd1 53. Nc4 Qe2 1-0